|
|
|
|
| LEADER |
00787nab a2200217 i 4500 |
| 001 |
publ34486 |
| 005 |
20240830083848.0 |
| 008 |
240830s2023 hu o 000 hun d |
| 022 |
|
|
|a 1788-7593
|
| 024 |
7 |
|
|a 10.14232/jtgf.2023.3-4.11-19
|2 doi
|
| 024 |
7 |
|
|a 34661907
|2 mtmt
|
| 040 |
|
|
|a SZTE Publicatio Repozitórium
|b hun
|
| 041 |
|
|
|a hun
|
| 100 |
1 |
|
|a Lendvai Edina
|
| 245 |
1 |
0 |
|a Egy egyedi szoftver cégeknél történő használatának következményei
|h [elektronikus dokumentum] /
|c Lendvai Edina
|
| 260 |
|
|
|c 2023
|
| 300 |
|
|
|a 11-19
|
| 490 |
0 |
|
|a JELENKORI TÁRSADALMI ÉS GAZDASÁGI FOLYAMATOK
|v 18 No. 3-4
|
| 650 |
|
4 |
|a Közgazdasági és gazdálkodástudományok
|
| 700 |
0 |
1 |
|a Borbás Anna
|e aut
|
| 856 |
4 |
0 |
|u http://publicatio.bibl.u-szeged.hu/34486/1/Lendvai-Borbas.pdf
|z Dokumentum-elérés
|